000 00419nam a2200169Ia 4500
003 GCL
008 140319s9999 xx 000 0 eng d
040 _aGCL /
_cGCL
082 0 4 _a822.33
_bD S
100 1 _aDRAKAKIS, JOHN
245 1 0 _aSHAKESPEAREAN TRAGEDY /
_cDRAKAKIS, JOHN
260 _a[S.N] :
_bLONGMAN ،
_c1992
300 _a433 P
650 0 4 _aSHAKESPEARE, WILLIAM
650 0 4 _aTRAGEDY
942 _2ddc
_cBK
999 _c23986
_d23986